| 000 | 00522nam a2200193 a 4500 | ||
|---|---|---|---|
| 005 | 20140310183331.0 | ||
| 008 | 060818s19uu xx 00 eng d | ||
| 020 | _a0071119345 | ||
| 050 |
_aHM 1033 _b.F73 2006 |
||
| 100 | _aFranzoi, Stephen L. | ||
| 245 |
_aSocial psychology / _cStephen L. Franzoi |
||
| 250 | _a4th ed. | ||
| 260 |
_aNew York : _bMcGraw-Hill, _c2006. |
||
| 300 |
_aS-6, 568 p. : _bcol. ill. ; _c28 cm. |
||
| 521 | _aPSYCH | ||
| 650 | _aSocial psychology. | ||
| 942 |
_cBK _2lcc _kFOR |
||
| 999 |
_c21555 _d21555 |
||